000 01056nam a22003137a 4500
001 BR9702636
003 BR-BrBNA
005 20230928095445.0
007 ta
008 230509b bl.||||| |||| 00| 0 por d
040 _aBR-BrBNA
_bpor
_cBiblioteca Nacional de Agricultura
041 _a(Por)
072 _aJ11
_b1030
_b4120
090 _ 1030 BR9702636
100 1 _aResende, S.R. de
110 1 _aUniversidade Federal de Lavras, MG (Brasil)
_0Tese (Mestre em Ciencia dos Alimentos)
245 1 _aEfeitos dos tratamentos termico e quimico no controle do "Bolor Verde" causado por Penicillium digitatum Sacc e na qualidade de limas acidas "Thaiti" (Citrus latifolia Tanaka)
260 3 _aLavras, MG (Brasil):
_c1995.
300 _a79 p.
500 _aSummaries (Eng, Por); Bibliography p. 63-72; 10 illus.
650 _aLimao Taiti
650 _aMofo Verde
650 _aControle Quimico
650 _aControle Termico
650 _aComposicao Quimica
650 _aArmazenamento
909 _a202309
_bLucia
_c55
_dLucia Elande
942 _cBK
999 _c56679
_d56679